00548nam a2200157 a 4500008004100000020001500041050001500056110004000071245015700111260004300268300000900311350000900320650002500329650001100354650002500365091216s2000 ||||||||||||||||| || u a9174961799 aJC 571 Hum aSwedish Ministry of Foreign Affairs10aHuman rights in Sweden foreign policy: a summary of Swedish government report submitted to Parliament in March 1998cSwedish Ministry of Foreign Affairs aStoclholmbNorstedts Tryckeri ABc2000 a52p. a0.00 aCIVIL RIGHTS--SWEDEN aRIGHTS aHUMAN RIGHTS--SWEDEN